000 00914nam a22003017a 4500
001 BR0504637
003 BR-BrBNA
005 20230928102017.0
007 ta
008 230509b bl.||||| |||| 00| 0 por d
040 _aBR-BrBNA
_bpor
_cBiblioteca Nacional de Agricultura
041 _a(Por)
072 _aE14; C20
090 _ E14 BR0504637
110 1 _aSuperintendência da Zona Franca de Manaus, AM (Brasil)
_910029
245 1 _aPlano executivo para reorganização e fortalecimento dos serviços de extensão rural da Amazônia
260 3 _aManaus, AM (Brasil):
_c2002.
300 _a112 p.
500 _a30 ref.; 22 tables
650 _aPROJETO DE DESENVOLVIMENTO
650 _aEXTENSÃO RURAL
650 _aADOÇÃO DE INOVAÇÕES
650 _aASSISTÊNCIA TÉCNICA
650 _aPLANEJAMENTO REGIONAL
650 _aAMAZÔNIA
909 _a202309
_bLucia
_c55
_dLucia Elande
942 _cBK
999 _c68691
_d68691